[Event "Baden Open A (30th)"]
[Site "?"]
[Date "2002.04.27"]
[Round "3.9"]
[White "Weissensteiner, Hubert"]
[Black "Hoebaus, Alfred"]
[Result "0-1"]
[WhiteElo "1892"]
[BlackElo "1866"]
[PlyCount "72"]
[EventDate "2002.??.??"]

1. e4 e5 2. Nf3 Nc6 3. Bb5 Nf6 4. Nc3 Bc5 5. O-O d6 6. d3 Bg4 7. Be3 Nd7 8.
Bxc5 Nxc5 9. Qe2 Ne6 10. Qe3 O-O 11. Bxc6 bxc6 12. h3 Bh5 13. g4 Bg6 14. Ne2 c5
15. c3 h5 16. Nh2 hxg4 17. Nxg4 f5 18. exf5 Bxf5 19. Qg3 Qg5 20. Rad1 Bxg4 21.
Qxg4 Qxg4+ 22. hxg4 Rf3 23. Kg2 Raf8 24. d4 e4 25. d5 Nf4+ 26. Nxf4 R8xf4 27.
Rde1 Rxg4+ 28. Kh2 Rf5 29. Re3 Rxd5 30. Rg3 Rxg3 31. Kxg3 Rd2 32. Kf4 Re2 33.
Rb1 Kf7 34. a3 Kf6 35. b4 c4 36. b5 g5+ 0-1

[Event "Baden Open A (30th)"]
[Site "?"]
[Date "2002.04.27"]
[Round "3.10"]
[White "Szvetits, Rene"]
[Black "Prendinger, Rudolf"]
[Result "1-0"]
[WhiteElo "1863"]
[BlackElo "1920"]
[PlyCount "69"]
[EventDate "2002.??.??"]

1. d4 d5 2. c4 e6 3. Nc3 Nf6 4. Bg5 Be7 5. Nf3 O-O 6. e3 h6 7. Bh4 Ne4 8. Bxe7
Qxe7 9. Qc2 Nc6 10. cxd5 Nxc3 11. dxc6 Nd5 12. a3 b6 13. Bd3 f5 14. Ne5 Qg5 15.
g3 Rd8 16. h4 Qf6 17. O-O-O a5 18. Qe2 Ne7 19. h5 Rd6 20. Bb5 a4 21. Kb1 Rd5
22. Rc1 Ra5 23. Bc4 Rd6 24. Bd3 Rdd5 25. f4 Ra8 26. Rhg1 Rda5 27. g4 Ba6 28.
Bxa6 R8xa6 29. g5 hxg5 30. Rxg5 Ra8 31. Rcg1 Kh7 32. Rxg7+ Qxg7 33. Rxg7+ Kxg7
34. Qg2+ Kh7 35. Qg5 1-0

[Event "Baden Open A (30th)"]
[Site "?"]
[Date "2002.04.28"]
[Round "4.1"]
[White "Schumi, Manfred"]
[Black "Balinov, Ilia"]
[Result "0-1"]
[WhiteElo "2229"]
[BlackElo "2438"]
[PlyCount "56"]
[EventDate "2002.??.??"]

1. e4 c5 2. Nf3 d6 3. d4 Nf6 4. Nc3 cxd4 5. Nxd4 Nc6 6. Bc4 Qb6 7. Nb3 e6 8.
Bf4 Ne5 9. Be2 a6 10. Be3 Qc7 11. f4 Nc4 12. Bxc4 Qxc4 13. Qd3 Qc7 14. O-O-O b5
15. e5 dxe5 16. fxe5 Nd7 17. Bf4 Bb7 18. Rd2 Bb4 19. Qg3 O-O 20. Bh6 g6 21.
Bxf8 Bxf8 22. Kb1 Bg7 23. Qh4 Bxe5 24. Ne4 Rc8 25. Rc1 Bxe4 26. Qxe4 Nb6 27.
Re2 Bxb2 28. Kxb2 Qc3+ 0-1

[Event "Baden Open A (30th)"]
[Site "?"]
[Date "2002.04.28"]
[Round "4.2"]
[White "Zivkovic, Nenad"]
[Black "Weissenbeck, Manuel"]
[Result "0-1"]
[WhiteElo "2015"]
[BlackElo "2218"]
[PlyCount "88"]
[EventDate "2002.??.??"]

1. e4 c5 2. Nf3 Nc6 3. Nc3 e6 4. d4 cxd4 5. Nxd4 Qc7 6. g3 Nf6 7. Ndb5 Qb8 8.
Bf4 e5 9. Be3 d6 10. Nd5 Nxd5 11. Qxd5 Be6 12. Qd2 Be7 13. Be2 O-O 14. Rd1 a6
15. Nc3 b5 16. Nd5 Bd8 17. O-O Qb7 18. c4 Ne7 19. c5 dxc5 20. Bxc5 Re8 21. Bf3
Nc6 22. b4 h6 23. a3 a5 24. Bg2 axb4 25. axb4 Be7 26. f4 Ra4 27. Bxe7 Nxe7 28.
f5 Nxd5 29. exd5 Qa7+ 30. Kh1 Bd7 31. f6 Ra2 32. Qd3 Rc8 33. Rc1 Rxc1 34. Rxc1
Qf2 35. Qf3 Qd2 36. Rg1 Bh3 37. d6 gxf6 38. d7 Qxd7 39. g4 Bxg2+ 40. Rxg2 Ra1+
41. Rg1 Rxg1+ 42. Kxg1 Qd4+ 43. Kf1 Qxb4 44. Qa8+ Kg7 0-1

[Event "Baden Open A (30th)"]
[Site "?"]
[Date "2002.04.28"]
[Round "4.3"]
[White "Neumeier, Klaus"]
[Black "Kopinits, Anna Christina"]
[Result "1-0"]
[WhiteElo "2333"]
[BlackElo "1930"]
[PlyCount "75"]
[EventDate "2002.??.??"]

1. e4 Nf6 2. e5 Nd5 3. d4 d6 4. Nf3 dxe5 5. Nxe5 Nd7 6. Nf3 c6 7. c4 N5f6 8.
Nc3 Nb6 9. h3 Bf5 10. Qb3 Qc8 11. Be2 e6 12. a4 Qc7 13. a5 Nbd7 14. a6 b6 15.
O-O Bd6 16. Re1 O-O 17. Nh4 Bg6 18. Nxg6 hxg6 19. Bf3 Rac8 20. Qc2 b5 21. c5
Bf4 22. Bxc6 Bxc1 23. Bxd7 Qxd7 24. Rexc1 b4 25. Ne2 Qb5 26. Qc4 Qxc4 27. Rxc4
Nd5 28. g3 g5 29. Nc1 Rc6 30. Nd3 Rb8 31. Ra4 Kf8 32. Nxb4 Nxb4 33. Rcxb4 Rxb4
34. Rxb4 Rxa6 35. Rb8+ Ke7 36. Rb7+ Ke8 37. b4 e5 38. d5 1-0

[Event "Baden Open A (30th)"]
[Site "?"]
[Date "2002.04.28"]
[Round "4.4"]
[White "Herndlbauer, Martin"]
[Black "Rudolf, Herbert"]
[Result "1-0"]
[WhiteElo "2112"]
[BlackElo "2201"]
[PlyCount "115"]
[EventDate "2002.??.??"]

1. d4 Nf6 2. c4 c5 3. Nf3 cxd4 4. Nxd4 e6 5. Nc3 Bb4 6. Qc2 Nc6 7. e3 O-O 8. a3
Be7 9. Be2 d5 10. Nxc6 bxc6 11. cxd5 cxd5 12. O-O Bb7 13. Rd1 Rc8 14. Qa4 Qb6
15. Qb5 Qc7 16. Bd2 Bc6 17. Qd3 e5 18. Rac1 Qb7 19. b4 d4 20. exd4 exd4 21. Nb5
Bxg2 22. Qg3 Be4 23. Nxd4 Qd7 24. Bh6 Bg6 25. Nc6 Qe6 26. Nxe7+ Qxe7 27. Rxc8
Rxc8 28. Be3 Ne4 29. Qg4 f5 30. Qf4 Nc3 31. Bc4+ Bf7 32. Qd6 Qe8 33. Bxf7+ Qxf7
34. Qd8+ Qe8 35. Qxe8+ Rxe8 36. Rd7 a6 37. Kg2 Re6 38. Bd4 Rg6+ 39. Kf3 Ne4 40.
Kf4 Nd6 41. a4 Rg4+ 42. Ke5 Re4+ 43. Kd5 Ne8 44. Kc5 Rh4 45. b5 axb5 46. axb5
Rxh2 47. b6 Rh1 48. Rd8 Kf7 49. b7 Rc1+ 50. Kb6 Rb1+ 51. Kc6 h5 52. b8=Q Rxb8
53. Rxb8 g5 54. f4 h4 55. Be5 Nf6 56. Bxf6 Kxf6 57. Rh8 g4 58. Rh6+ 1-0

[Event "Baden Open A (30th)"]
[Site "?"]
[Date "2002.04.28"]
[Round "4.6"]
[White "Hoebaus, Alfred"]
[Black "Zojer, Thomas"]
[Result "1-0"]
[WhiteElo "1866"]
[BlackElo "1790"]
[PlyCount "83"]
[EventDate "2002.??.??"]

1. e4 d6 2. d4 Nd7 3. c4 e5 4. d5 Ngf6 5. Nc3 Be7 6. Nge2 c6 7. Ng3 Nc5 8. b4
Na6 9. Rb1 Qc7 10. Be2 Bd7 11. O-O O-O 12. f4 exf4 13. Bxf4 c5 14. a3 Rae8 15.
Qd3 Ng4 16. Nb5 Qb8 17. h3 Nf6 18. Bg5 Kh8 19. Bxf6 Bxf6 20. Rxf6 gxf6 21. Qf3
f5 22. Bd3 cxb4 23. axb4 Bxb5 24. cxb5 Nc7 25. Qxf5 f6 26. e5 Rf7 27. e6 Rg7
28. Nh5 Rg6 29. Qe4 Qd8 30. Rf1 Qe7 31. Rxf6 Reg8 32. g4 R6g7 33. Qd4 Ne8 34.
Rf7 Qg5 35. Nxg7 Nxg7 36. Qe4 Qg6 37. Qxg6 hxg6 38. Bxg6 Rb8 39. h4 a6 40. h5
axb5 41. h6 Ne8 42. Rf8# 1-0

[Event "Baden Open A (30th)"]
[Site "?"]
[Date "2002.04.28"]
[Round "4.7"]
[White "Zojer, Stefan"]
[Black "Szvetits, Rene"]
[Result "1/2-1/2"]
[WhiteElo "1770"]
[BlackElo "1863"]
[PlyCount "54"]
[EventDate "2002.??.??"]

1. d4 f5 2. c4 Nf6 3. Nc3 g6 4. g3 Bg7 5. Bg2 O-O 6. Nf3 d6 7. O-O h6 8. Re1
Nbd7 9. e4 fxe4 10. Nxe4 Nxe4 11. Rxe4 Nb6 12. b3 Bf5 13. Re1 c6 14. Nh4 Qd7
15. Nxf5 gxf5 16. Qh5 Kh7 17. g4 Qe8 18. Qh4 Qg6 19. Rxe7 Rae8 20. gxf5 Rxf5
21. Rxe8 Qxe8 22. Be4 Qg6+ 23. Kh1 Bf6 24. Qxh6+ Qxh6 25. Bxf5+ Qg6 26. Bxg6+
Kxg6 27. Be3 27... d5 {Rest unklar; komischerweise remis} 1/2-1/2

[Event "Baden Open A (30th)"]
[Site "?"]
[Date "2002.04.28"]
[Round "4.9"]
[White "Gerhold, Michael"]
[Black "Winkler, Klaus"]
[Result "1-0"]
[WhiteElo "2216"]
[BlackElo "1784"]
[PlyCount "33"]
[EventDate "2002.??.??"]

1. Nf3 d5 2. g3 Nf6 3. Bg2 e6 4. c4 c6 5. b3 Be7 6. Bb2 O-O 7. O-O Nbd7 8. d4
dxc4 9. bxc4 c5 10. e3 Rb8 11. Nc3 b6 12. d5 exd5 13. cxd5 Qc7 14. Nb5 Qb7 15.
Ne5 Qa6 16. Nc7 Qa5 17. Nc6 1-0

[Event "Baden Open A (30th)"]
[Site "?"]
[Date "2002.04.28"]
[Round "5.2"]
[White "Herndlbauer, Martin"]
[Black "Neumeier, Klaus"]
[Result "1/2-1/2"]
[WhiteElo "2112"]
[BlackElo "2333"]
[PlyCount "87"]
[EventDate "2002.??.??"]

1. d4 Nf6 2. c4 g6 3. Nc3 Bg7 4. e4 d6 5. Bg5 h6 6. Be3 Ng4 7. Bf4 e5 8. dxe5
Nxe5 9. Qd2 Na6 10. Be2 Nc5 11. Nf3 Ne6 12. Bxe5 dxe5 13. Qxd8+ Kxd8 14. O-O-O+
Ke8 15. Nb5 a6 16. Nc3 c6 17. h3 Ke7 18. Nd2 h5 19. Nb3 b6 20. Rhe1 Rd8 21.
Rxd8 Kxd8 22. Bf1 Bf8 23. Rd1+ Kc7 24. Na4 b5 25. Nc3 Nc5 26. Nd2 h4 27. Ncb1
a5 28. Re1 Be6 29. Nf3 f6 30. Kc2 Bf7 31. Nbd2 Ne6 32. g3 Bc5 33. Re2 g5 34.
Nb3 Bb6 35. Rd2 a4 36. Nc1 Bg6 37. Bd3 Nc5 38. Re2 Rd8 39. Ne1 Bf7 40. Kb1 Nxd3
41. Nexd3 Bxc4 42. Kc2 Bd4 43. b3 axb3+ 44. axb3 {
Rest nicht rekonstruierbar; remis (ca. 75)} 1/2-1/2

[Event "Baden Open A (30th)"]
[Site "?"]
[Date "2002.04.28"]
[Round "5.3"]
[White "Posch, Werner"]
[Black "Zivkovic, Nenad"]
[Result "1/2-1/2"]
[WhiteElo "2226"]
[BlackElo "2015"]
[PlyCount "98"]
[EventDate "2002.??.??"]

1. e4 c5 2. Nc3 Nc6 3. g3 Nf6 4. Bg2 e6 5. f4 d5 6. e5 Nd7 7. Nf3 Be7 8. O-O a6
9. Kh1 b5 10. d4 Bb7 11. f5 cxd4 12. Nxd4 Nxd4 13. Qxd4 Qb6 14. Qg4 g6 15. fxe6
fxe6 16. Bg5 h5 17. Qh4 Qd8 18. Bf6 Bc8 19. Qg5 Nf8 20. Rf4 Rg8 21. Bxe7 Qxe7
22. Qxe7+ Kxe7 23. Nxd5+ exd5 24. Bxd5 Ne6 25. Bxa8 Nxf4 26. gxf4 Rf8 27. Kg1
Rxf4 28. Rf1 Rxf1+ 29. Kxf1 Ke6 30. Kf2 Kxe5 31. Ke3 g5 32. c3 a5 33. Bc6 b4
34. cxb4 axb4 35. a4 h4 36. Kd3 Ba6+ 37. Ke3 Kd6 38. Be4 Kc5 39. Bf5 Bb7 40.
Be4 Bc8 41. Bd3 Kb6 42. Be4 Bd7 43. Kf3 g4+ 44. Kf4 g3 45. hxg3 hxg3 46. Kxg3
Bxa4 47. Kf4 Kc5 48. Ke3 Kc4 49. Kd2 Bd7 1/2-1/2

[Event "Baden Open A (30th)"]
[Site "?"]
[Date "2002.04.28"]
[Round "5.4"]
[White "Hoebaus, Alfred"]
[Black "Schumi, Manfred"]
[Result "0-1"]
[WhiteElo "1886"]
[BlackElo "2229"]
[PlyCount "84"]
[EventDate "2002.??.??"]

1. e4 c5 2. Nf3 d6 3. c4 Nf6 4. Nc3 e5 5. Be2 Nc6 6. d3 Be7 7. h3 O-O 8. Be3
Nd4 9. Rc1 a6 10. a3 Ne8 11. Nd5 f5 12. Bxd4 exd4 13. e5 Be6 14. Nf4 Nc7 15.
Nxe6 Nxe6 16. O-O Kh8 17. Re1 d5 18. Nh2 dxc4 19. dxc4 Rb8 20. g3 Qd7 21. Bf3
b5 22. b3 Bg5 23. Rb1 Rb6 24. Bd5 Nc7 25. f4 Bh6 26. Bg2 g5 27. Qd2 gxf4 28.
gxf4 Ne6 29. Rf1 bxc4 30. b4 c3 31. Qd3 cxb4 32. axb4 Nxf4 33. Rxf4 Bxf4 34.
Nf3 Be3+ 35. Kh1 Qb5 36. Qc2 Qc4 37. Bf1 Qd5 38. Bg2 Qe4 39. Qb3 c2 40. Nd2
cxb1=Q+ 41. Nxb1 Qxe5 42. Na3 Qg3 0-1

[Event "Baden Open A (30th)"]
[Site "?"]
[Date "2002.04.28"]
[Round "5.5"]
[White "Kopinits, Anna Christina"]
[Black "Gerhold, Michael"]
[Result "1/2-1/2"]
[WhiteElo "1930"]
[BlackElo "2216"]
[PlyCount "58"]
[EventDate "2002.??.??"]

1. e4 c5 2. Nc3 Nc6 3. g3 g6 4. Bg2 Bg7 5. d3 d6 6. f4 e6 7. Nf3 Nge7 8. O-O
O-O 9. Be3 b6 10. d4 Ba6 11. Re1 Rc8 12. dxc5 bxc5 13. Qd2 Na5 14. b3 d5 15.
exd5 exd5 16. Bf2 d4 17. Rad1 dxc3 18. Qxd8 Rfxd8 19. Rxd8+ Rxd8 20. Rxe7 Nc6
21. Re1 Nd4 22. Bxd4 cxd4 23. Bf1 d3 24. Bxd3 Bxd3 25. cxd3 c2 26. Rc1 Rxd3 27.
Kf2 Rc3 28. Ne1 Bd4+ 29. Kf1 Bb6 1/2-1/2

[Event "Baden Open A (30th)"]
[Site "?"]
[Date "2002.04.28"]
[Round "5.7"]
[White "Somasundram, Jayakumar"]
[Black "Zojer, Stefan"]
[Result "1/2-1/2"]
[WhiteElo "1990"]
[BlackElo "1770"]
[PlyCount "121"]
[EventDate "2002.??.??"]

1. e4 c5 2. Nf3 Nc6 3. d4 cxd4 4. Nxd4 Nf6 5. Nc3 d6 6. Be2 g6 7. Be3 Bg7 8.
Nb3 O-O 9. O-O a6 10. a4 b6 11. Nd2 Ne5 12. Nd5 Ned7 13. Rb1 Nc5 14. c4 Bb7 15.
f3 a5 16. Bg5 Nxd5 17. exd5 Bc8 18. Ne4 Bf5 19. Bd3 Qd7 20. Nxc5 bxc5 21. Bxf5
gxf5 22. Re1 Rfe8 23. Bf4 Rab8 24. b3 e6 25. dxe6 Bd4+ 26. Be3 Bxe3+ 27. Rxe3
fxe6 28. Rd3 Rb6 29. Qd2 Ra8 30. Rd1 Raa6 31. Qg5+ Qg7 32. Qf4 Qf8 33. Qg3+ Kh8
34. f4 Rb7 35. Qe3 Qe7 36. Re1 Rab6 37. Qxe6 Qxe6 38. Rxe6 Rxb3 39. Rxb3 Rxb3
40. Rxd6 Rb4 41. Rd5 Rxc4 42. Rxf5 Rxa4 43. Rxc5 Rxf4 44. Rxa5 Rb4 45. Ra7 Rb2
46. h4 Rc2 47. Kh2 Rc3 48. g3 Rb3 49. Kh3 Rb4 50. Rd7 Ra4 51. h5 Rb4 52. g4 Kg8
53. h6 Rb6 54. g5 Rb4 55. Re7 Ra4 56. Rg7+ Kh8 57. Kg3 Rb4 58. Rf7 Kg8 59. Rf4
Rxf4 60. Kxf4 Kf7 61. Kf5 1/2-1/2

[Event "Baden Open A (30th)"]
[Site "?"]
[Date "2002.04.28"]
[Round "5.9"]
[White "Zojer, Thomas"]
[Black "Weissensteiner, Hubert"]
[Result "1-0"]
[WhiteElo "1790"]
[BlackElo "1892"]
[PlyCount "35"]
[EventDate "2002.??.??"]

1. d4 d5 2. c4 e6 3. Nc3 Nf6 4. Bg5 Be7 5. Nf3 O-O 6. e3 a6 7. cxd5 exd5 8. Qc2
Nc6 9. a3 h6 10. Bh4 Be6 11. Bd3 Rc8 12. O-O Ne8 13. Bxe7 Qxe7 14. Na4 Nb8 15.
Nc5 c6 16. Nxe6 fxe6 17. Ne5 Nd6 18. Bh7+ 1-0